000 00686nam a2200205Ii 4500
003 JO-AjNU
008 230605s9999||||xx |||||||||||||| ||und||
040 _aJO-AjNU
_bara
_erda
_cJO-AjNU
041 _aara
050 1 4 _aPJ6122.T2922 1986
100 3 _aتأليف الطيب،عبد الجواد,
_eauthor
_913896
245 0 0 _aدراسة في قواعد الإملاء
250 _aط2
264 3 1 _aبيروت: دار الاوزاعي للطباعة والنشر والتوزيع، 1986
300 _a133ص
336 _atext
_btxt
_2rdacontent
337 _aunmediated
_bn
_2rdamedia
338 _avolume
_bnc
_2rdacarrier
650 4 _aاللغة العربية-قواعد
_913897
999 _aA3577
_c7145
_d7145